000 00499nam a2200193 a 4500
001 1767587676775
003 YourLibrary
005 20260105104546.0
008 260105s1998##################000#0#eng##
020 _a9783110156195
082 0 4 _a300.11
_bALT
100 1 _aAltmann, Gabriel,
_eauthor.
245 1 0 _aSystems :
260 _bWalter de Gruyter,
_c1998.
300 _a804 pages
650 0 _aLanguage Arts & Disciplines.
942 _cENGLISH
040 _aYourLibrary
_beng
_cYourLibrary
999 _c607276
_d607276